[Event "94th Tradewise Hastings Congress"]
[Site "Hastings"]
[Date "2018.12.31"]
[Round "4"]
[White "Willson, Ollie"]
[Black "Kalavannan, Koby"]
[Result "0-1"]
[WhiteElo "2081"]
[BlackElo "2328"]
[Annotator "TA"]
[PlyCount "78"]
[EventDate "2018.12.28"]
[EventType "swiss"]
[EventCountry "ENG"]
[SourceTitle "playchess.com"]
[Source "ChessBase"]
[SourceQuality "1"]

{[%evp 16,78,6,6,6,-1,0,-50,-45,-54,-54,-121,-127,-126,-121,-130,-95,-110,-105,-219,-140,-272,-265,-281,-272,-277,-232,-240,-208,-267,-189,-181,-191,-191,-93,-150,-114,-128,-154,-169,-162,-352,-197,-599,-616,-609,-602,-600,-588,-566,-591,-775,-769,-932,-866,-836,-839,-1205,-1135,-29991,-2134,-29992,-2011,-29996,-29997]} 1. c4 g6 2. Nf3 Bg7 3. g3 c5 4. Bg2 Nc6 5. O-O d6 6. Nc3 e6 7. b3 {A37: Symmetrical English vs ...g6: 4 Bg2 Bg7 5 Nf3} Nge7 8. Bb2 O-O 9. d3 {LiveBook: 4 Games. The position is equal.} d5 $146 ({Predecessor:} 9... b6 10. e3 Bb7 11. Qe2 Qd7 12. Rfd1 Rad8 13. a3 Qc8 14. b4 Qa8 {0-1 (64) Cordova,E (2611)-Papin,V (2497) Cuernavaca 2015}) 10. cxd5 exd5 11. Qd2 (11. d4 $5) 11... d4 12. Ne4 b6 13. h4 (13. e3 $15) 13... h6 $17 14. Qc2 Bg4 15. a3 a5 16. Rfe1 Qd7 17. Rab1 (17. Ned2 $17 {was necessary.}) 17... Rad8 18. Rbd1 (18. Ned2 $17 {keeps fighting.}) 18... f5 $19 {[%cal Bf7f5,Bf5f4][%mdl 32]} 19. Ned2 f4 20. Ne4 Nd5 21. Bc1 Qc7 22. Kh1 Ne5 23. Nh2 Qe7 24. Rf1 g5 (24... Be6 $19 {and Black stays clearly on top.} 25. Bd2 Nf7) 25. hxg5 (25. Nxg4 $142 Nxg4 26. Bh3) 25... hxg5 $17 26. Nxg4 Nxg4 27. Bf3 Ne5 28. Bg2 $2 (28. g4) 28... g4 (28... Bf6 $142 {White must now prevent ...Qh7+.} 29. Kg1 Qh7) 29. gxf4 $2 (29. b4 {is tougher.} f3 30. exf3 gxf3 31. Bh3 axb4 32. Kh2) 29... Qh4+ $19 30. Kg1 Nxf4 31. Bxf4 Rxf4 32. b4 Rf5 33. Ng3 Rf6 {[%cal Bf5f6,Bf6h6,Bh6h2][%mdl 32]} 34. bxc5 Rdf8 35. Qb3+ Kh8 {[#] And now ...Rh6 would win.} 36. Qd5 Rh6 {[%csl Gh6][%cal Rh4h2]} 37. Rfe1 Qh2+ 38. Kf1 {[#]} Qxg3 (38... Rxf2+ $142 $1 {[%mdl 512]} 39. Kxf2 Rf6+ 40. Qf3 gxf3 41. Rf1 fxe2+ 42. Ke1 exf1=Q+ 43. Kd2 Qhxg2+ 44. Kc1 Nxd3+ {[%mdl 64] Double Attack} 45. Kb1 Qxd1#) 39. Qxd4 Rh2 {Accuracy: White = 33%, Black = 69%.} 0-1

[Event "94th Tradewise Hastings Congress"]
[Site "Hastings"]
[Date "2018.12.31"]
[Round "4"]
[White "Brown, Thomas"]
[Black "Spanton, Tim R"]
[Result "1-0"]
[WhiteElo "2068"]
[BlackElo "1954"]
[Annotator "NA RC"]
[PlyCount "77"]
[EventDate "2018.12.28"]
[EventType "swiss"]
[EventCountry "ENG"]
[SourceTitle "playchess.com"]
[Source "ChessBase"]
[SourceQuality "1"]
[TimeControl "40/6000+30:3000+30"]

1. Nf3 {[%emt 0:00:10]} Nc6 {[%emt 0:00:00]} 2. d4 {[%emt 0:02:17]} d5 {[%emt 0:00:00]} 3. e3 {[%emt 0:00:44]} Bg4 {[%emt 0:00:00]} 4. Bb5 {[%emt 0:01:09]} Nf6 {[%emt 0:00:41] D02: 1 d4 d5 2 Nf3 sidelines, including 2...Nf6 3 g3 and 2...Nf6 3 Bf4} 5. h3 {[%emt 0:01:18]} Bxf3 {[%emt 0:00:52]} 6. Qxf3 {[%emt 0:00:42]} a6 {[%emt 0:00:17]} 7. Bxc6+ {[%emt 0:19:01]} bxc6 {[%emt 0:00:07]} 8. c4 {[%emt 0:03:50]} e6 {[%emt 0:03:12]} 9. O-O {[%emt 0:06:01]} Ne4 $146 {[%emt 0:02:01]} ({Predecessor:} 9... c5 10. dxc5 Bxc5 11. cxd5 exd5 12. b3 {½-½ (67) Ruck,R (2571)-Dinstuhl,V (2401) Germany 2013}) 10. Nc3 {[%emt 0:02:08]} Nxc3 {[%emt 0:01:08]} 11. bxc3 {[%emt 0:00:49]} f5 {[%emt 0:00:31]} 12. cxd5 {[%emt 0:04:40]} cxd5 {[%emt 0:00:21]} 13. c4 {[%emt 0:00:15]} c6 {[%emt 0:00:35]} 14. Bd2 {[%emt 0:07:57]} Bd6 {[%emt 0:01:03]} 15. Rab1 {[%emt 0:02:10]} Rb8 {[%emt 0:01:29]} 16. Qe2 {[%emt 0:03:03]} O-O {[%emt 0:01:21]} 17. c5 {[%emt 0:00:51]} Bc7 {[%emt 0:00:10]} 18. Rxb8 {[%emt 0:01:46]} Qxb8 {[%emt 0:00:24]} 19. Qxa6 {[%emt 0:00:14]} Qa8 {[%emt 0:00:58]} 20. Qxa8 {[%emt 0:01:53]} Rxa8 {[%emt 0:00:08]} 21. Ra1 {[%emt 0:00:34]} Ra4 {[%emt 0:00:43]} 22. f4 {[%emt 0:15:38]} Kf7 {[%emt 0:02:21]} 23. Kf1 {[%emt 0:07:45]} g5 {[%emt 0:04:09]} 24. fxg5 {[%emt 0:04:22]} e5 {[%emt 0:00:08]} (24... Kg6 $1 $14) 25. Rb1 {[%emt 0:01:08]} Rxa2 $2 {[%emt 0:01:27]} (25... Bd8 $16 {was worth a try.}) 26. Rb7 $1 {[%emt 0:02:00]} Rxd2 {[%emt 0:00:07]} 27. Rxc7+ {[%emt 0:00:40]} Kg6 {[%emt 0:00:15]} 28. dxe5 {[%emt 0:05:54]} d4 {[%emt 0:00:44]} 29. Rxc6+ {[%emt 0:07:23]} Kxg5 {[%emt 0:00:08]} 30. exd4 {[%emt 0:00:42]} Rxd4 $18 {[%emt 0:00:09]} 31. Re6 {[%emt 0:02:31]} f4 {[%emt 0:00:51]} 32. c6 {[%emt 0:00:33]} Rc4 {[%emt 0:00:48]} 33. Ke2 {[%emt 0:03:49]} Kf5 {[%emt 0:00:12]} 34. Kd3 {[%emt 0:00:55]} Rc1 {[%emt 0:00:21]} 35. Rh6 {[%emt 0:00:14]} Kxe5 {[%emt 0:00:16]} 36. Rxh7 {[%emt 0:01:25]} Rd1+ {[%emt 0:00:35]} 37. Kc2 {[%emt 0:00:41]} Rd6 {[%emt 0:00:12]} 38. c7 {[%emt 0:00:11]} Rc6+ {[%emt 0:00:08]} 39. Kd3 {[%emt 0:00:17]} 1-0

[Event "94th Tradewise Hastings Congress"]
[Site "Hastings"]
[Date "2018.12.31"]
[Round "4"]
[White "Miller, Dominic"]
[Black "Peek, Marcel"]
[Result "0-1"]
[WhiteElo "2061"]
[BlackElo "2293"]
[Annotator "ChessBase"]
[PlyCount "62"]
[EventDate "2018.12.28"]
[EventType "swiss"]
[EventCountry "ENG"]
[SourceTitle "playchess.com"]
[Source "ChessBase"]
[SourceQuality "1"]
[TimeControl "40/6000+30:3000+30"]

1. e4 {[%emt 0:00:00]} c5 {[%emt 0:00:00]} 2. Nf3 {[%emt 0:00:00]} Nc6 {[%emt 0:00:00]} 3. d4 {[%emt 0:00:00]} cxd4 {[%emt 0:00:00]} 4. Nxd4 {[%emt 0:00:01]} Nf6 {[%emt 0:00:00]} 5. Nc3 {[%emt 0:00:04]} e5 {[%emt 0:00:17]} 6. Ndb5 {[%emt 0:00:07]} d6 {[%emt 0:00:07]} 7. Bg5 {[%emt 0:00:16]} a6 {[%emt 0:00:07]} 8. Na3 {[%emt 0:00:04]} b5 {[%emt 0:00:06]} 9. Nd5 {[%emt 0:00:05]} Be7 {[%emt 0:00:10]} 10. Bxf6 {[%emt 0:00:15]} Bxf6 {[%emt 0:00:07]} 11. c3 {[%emt 0:00:06]} Ne7 {[%emt 0:00:53]} 12. Nxf6+ {[%emt 0:01:27]} gxf6 {[%emt 0:00:16]} 13. Nc2 {[%emt 0:04:53]} Bb7 {[%emt 0:00:59]} 14. Bd3 {[%emt 0:00:06]} d5 {[%emt 0:00:55]} 15. exd5 {[%emt 0:00:12]} Qxd5 {[%emt 0:00:20]} 16. Ne3 {[%emt 0:00:13]} Qe6 {[%emt 0:01:38]} 17. a4 {[%emt 0:07:38]} Rd8 {[%emt 0:01:18]} 18. Qc2 {[%emt 0:01:50]} e4 {[%emt 0:00:38]} 19. Be2 {[%emt 0:01:27]} O-O {[%emt 0:02:59]} 20. axb5 {[%emt 0:01:01]} axb5 {[%emt 0:01:24]} 21. Bxb5 {[%emt 0:00:12]} f5 {[%emt 0:01:43]} 22. Qe2 {[%emt 0:03:23]} Ng6 {[%emt 0:08:08]} 23. g3 {[%emt 0:04:08]} Ne5 {[%emt 0:03:59]} 24. Qh5 {[%emt 0:02:23]} Nf3+ {[%emt 0:02:31]} 25. Kf1 {[%emt 0:00:03]} Kh8 {[%emt 0:00:14]} 26. Qxf5 {[%emt 0:04:32]} Qxf5 {[%emt 0:01:10]} 27. Nxf5 {[%emt 0:00:04]} Rd5 {[%emt 0:00:08]} 28. Ra7 {[%emt 0:02:26]} Bc8 {[%emt 0:03:24]} 29. Nh6 {[%emt 0:05:37]} Kg7 {[%emt 0:13:16]} 30. Nxf7 {[%emt 0:02:59]} Rxf7 {[%emt 0:00:29]} 31. Rxf7+ {[%emt 0:00:05]} Kxf7 {[%emt 0:00:07]} 0-1

[Event "94th Tradewise Hastings Congress"]
[Site "Hastings"]
[Date "2018.12.31"]
[Round "4"]
[White "Comellas Blanchart, Jordi"]
[Black "Royal, Shreyas"]
[Result "1-0"]
[WhiteElo "2055"]
[BlackElo "1930"]
[Annotator "NA RC"]
[PlyCount "119"]
[EventDate "2018.12.28"]
[EventType "swiss"]
[EventCountry "ENG"]
[SourceTitle "playchess.com"]
[Source "ChessBase"]
[SourceQuality "1"]
[TimeControl "40/6000+30:3000+30"]

{[%evp 26,108,30,7,18,27,16,9,15,0,39,30,32767,45,220,44,50,3,5,18,11,0,0,-18,13,32767,32767,32767,32767,32767,32767,37,32767,36,44,32767,32767,32767,32767,32767,79,32767,96,60,78,45,101,31,57,39,64,0,140,130,133,0,0,0,32767,32767,32767,32767,32767,32767,32767,32767,32767,32767,32767,32767,32767,32767,32767,-8,32767,32767,210,183,218,277,280,295,612,643,1043]} 1. d4 {[%emt 0:00:00]} Nf6 {[%emt 0:00:27]} 2. c4 {[%emt 0:00:00]} g6 {[%emt 0:00:45]} 3. g3 {[%emt 0:01:08]} Bg7 {[%emt 0:00:55]} 4. Bg2 {[%emt 0:00:00]} O-O {[%emt 0:01:14]} 5. Nc3 {[%emt 0:00:00]} d6 {[%emt 0:00:14]} 6. Nf3 {[%emt 0:00:00]} Nbd7 {[%emt 0:02:30]} 7. O-O {[%emt 0:00:00]} e5 {[%emt 0:01:32]} 8. e4 {[%emt 0:00:00]} c6 {[%emt 0:00:35]} 9. h3 {[%emt 0:00:50]} Qa5 {[%emt 0:01:39]} 10. Re1 {[%emt 0:04:58]} exd4 {[%emt 0:02:09]} 11. Nxd4 {[%emt 0:00:11]} Ne5 {[%emt 0:00:32]} 12. Bf1 {[%emt 0:11:51]} Qb6 {[%emt 0:05:16] E69: King's Indian: Fianchetto: 6...Nbd7 7 0-0 e5 8 e4 c6 9 h3} 13. Nb3 {[%emt 0:09:52]} Be6 {[%emt 0:01:40]} 14. Be3 {[%emt 0:02:18]} c5 {[%emt 0:00:41]} 15. Nd5 {[%emt 0:26:18]} Bxd5 {[%emt 0:00:10]} 16. exd5 {[%emt 0:00:22]} Rae8 {[%emt 0:00:06] LiveBook: 5 Games} 17. Rc1 {[%emt 0:03:01]} (17. Kg2 Re7 18. Qc2 Rfe8 19. Bd2 Qd8 20. a4 {0-1 (38) Howell,D (2676)-McShane,L (2640) London 2017}) 17... Qb4 $146 {[%emt 0:06:06]} ({Predecessor:} 17... Re7 18. Bg2 Rfe8 19. Qc2 Nh5 20. g4 {1-0 (56) Lalith,B (2529)-Akash,G (2391) New Delhi 2018}) 18. Kg2 {[%emt 0:02:16]} Qb6 {[%emt 0:06:51]} 19. Qc2 {[%emt 0:02:25]} Re7 $2 {[%emt 0:01:42] [#]} ({Better is} 19... Ned7 $14) 20. Nd2 $2 {[%emt 0:01:50]} (20. f4 $1 $18) 20... Rfe8 {[%emt 0:02:09]} 21. Rb1 {[%emt 0:03:12]} Qc7 {[%emt 0:03:38]} 22. a3 {[%emt 0:02:20]} Ned7 {[%emt 0:01:20]} 23. Rec1 {[%emt 0:04:34]} b5 {[%emt 0:04:31]} 24. b3 {[%emt 0:06:26]} Nb6 {[%emt 0:01:54]} 25. Bd3 {[%emt 0:06:37]} Nfd7 {[%emt 0:08:13]} 26. Bg5 {[%emt 0:01:24]} f6 {[%emt 0:00:09]} 27. Bf4 {[%emt 0:00:23]} f5 {[%emt 0:01:39]} 28. Nf3 {[%emt 0:00:43]} bxc4 {[%emt 0:06:40]} 29. bxc4 {[%emt 0:01:16]} Ne5 {[%emt 0:00:33]} 30. Bg5 {[%emt 0:05:45]} Rf7 {[%emt 0:01:25]} 31. Re1 {[%emt 0:01:15]} Ref8 {[%emt 0:00:53]} 32. Be2 {[%emt 0:04:48]} h6 {[%emt 0:00:54]} 33. Bd2 {[%emt 0:01:48]} g5 {[%emt 0:00:57]} 34. Rf1 {[%emt 0:00:59]} Qe7 {[%emt 0:09:35]} 35. Rbe1 {[%emt 0:01:27]} Qf6 {[%emt 0:00:58]} ({Better is} 35... Nxf3 $14 36. Bxf3 Be5) 36. Bc3 {[%emt 0:03:42]} (36. Nxe5 $16 dxe5 37. Bh5) 36... Qg6 {[%emt 0:01:08]} 37. Nxe5 {[%emt 0:01:21]} dxe5 {[%emt 0:00:06]} 38. g4 {[%emt 0:00:25]} ({White should try} 38. f3 $16) 38... Qd6 {[%emt 0:00:12]} (38... e4 $11) 39. gxf5 {[%emt 0:00:37]} Rxf5 {[%emt 0:00:14]} 40. Bg4 {[%emt 0:00:28]} (40. Bd2 $16) 40... Rf4 {[%emt 0:02:03]} 41. Be6+ {[%emt 0:52:37]} Kh8 {[%emt 0:50:05]} 42. Re4 {[%emt 0:00:00]} Nxc4 {[%emt 0:00:00]} 43. Qe2 {[%emt 0:00:00]} Rxe4 {[%emt 0:00:00]} 44. Qxe4 {[%emt 0:00:00]} Rf4 {[%emt 0:00:00]} 45. Qg6 {[%emt 0:00:00]} Qf8 {[%emt 0:00:00]} 46. Qd3 {[%emt 0:00:00]} Nd6 {[%emt 0:00:00]} 47. Qe2 {[%emt 0:00:00]} e4 {[%emt 0:00:00]} 48. Qb2 {[%emt 0:00:00]} Kh7 {[%emt 0:00:00]} 49. Bxg7 $1 {[%emt 0:00:00]} Qxg7 {[%emt 0:00:00]} 50. Qb8 {[%emt 0:00:00]} Nc4 $2 {[%emt 0:00:00] [#]} (50... Nf7 $11 {and Black has nothing to worry.}) 51. d6 $1 {[%emt 0:00:00]} Nb6 {[%emt 0:00:00]} 52. Qc7 {[%emt 0:00:00]} Rf8 {[%emt 0:00:00]} 53. d7 {[%emt 0:00:00]} ({But not} 53. Qxc5 $6 Qf6 $16) 53... Na8 $18 {[%emt 0:00:00]} (53... Nxd7 54. Qxd7 (54. Bxd7 Rf7 $18) 54... Qxd7 55. Bxd7 Rf3) 54. Qxc5 {[%emt 0:00:00]} Nb6 {[%emt 0:00:00]} 55. Rd1 {[%emt 0:00:00]} Rd8 {[%emt 0:00:00]} 56. Qf5+ {[%emt 0:00:00]} Qg6 {[%emt 0:00:00]} 57. Qe5 {[%emt 0:00:00]} Qg7 {[%emt 0:00:00]} 58. Bf5+ {[%emt 0:00:00]} Kh8 {[%emt 0:00:00]} 59. Qe8+ {[%emt 0:00:00]} Qg8 {[%emt 0:00:00]} 60. Qe7 {[%emt 0:00:00]} 1-0

[Event "94th Tradewise Hastings Congress"]
[Site "Hastings"]
[Date "2018.12.31"]
[Round "4"]
[White "Rayner, Francis"]
[Black "Graham, David B"]
[Result "1/2-1/2"]
[WhiteElo "2048"]
[BlackElo "2208"]
[Annotator "TA"]
[PlyCount "37"]
[EventDate "2018.12.28"]
[EventType "swiss"]
[EventCountry "ENG"]
[SourceTitle "playchess.com"]
[Source "ChessBase"]
[SourceQuality "1"]

{[%evp 10,37,13,15,23,21,38,27,45,34,39,21,19,17,22,0,0,0,76,70,68,77,74,74,76,76,74,69,68,75]} 1. Nf3 Nf6 2. d4 g6 3. g3 Bg7 4. b3 d5 5. Bb2 O-O 6. Bg2 {LiveBook: 38 Games} Nc6 {A48: 1 d4 Nf6 2 Nf3 g6: Torre, London and Colle Systems} (6... Ne4 7. O-O c5 8. Nfd2 Bf5 9. Nxe4 Bxe4 10. f3 Bf5 11. e4 dxe4 12. fxe4 Bg4 13. Qd3 Bxd4+ 14. Bxd4 Qxd4+ 15. Qxd4 cxd4 {0-1 (66) Nakamura,H (2793)-Caruana,F (2787) Saint Louis 2015}) 7. Nbd2 Bg4 8. h3 $146 ({Predecessor:} 8. Rc1 Nb4 9. c3 Nxa2 10. Ra1 Nxc3 11. Bxc3 Qd7 {1-0 (34) Orts Gonzalez,R (1119)-Del Villar Sanchiz,L (1613) Barcelona 2018}) 8... Bf5 {White has an edge.} 9. O-O Ne4 10. c4 Nxd2 11. Qxd2 Be4 $1 12. Rac1 {[%cal Ba1c1,Bc1c4,Bc4a4][%mdl 32]} dxc4 13. Rxc4 e5 (13... a5 $11 {remains equal.}) 14. dxe5 $16 {[%mdl 64] [#] Discovered Attack} Bxf3 $1 15. Qxd8 Raxd8 16. Bxf3 Nxe5 17. Bxe5 Bxe5 18. Ra4 b6 19. Rxa7 1/2-1/2

[Event "94th Tradewise Hastings Congress"]
[Site "Hastings"]
[Date "2018.12.31"]
[Round "4"]
[White "Barton, R Alan"]
[Black "Moore, Graham J"]
[Result "0-1"]
[WhiteElo "2037"]
[BlackElo "2235"]
[Annotator "TA"]
[PlyCount "136"]
[EventDate "2018.12.28"]
[EventType "swiss"]
[EventCountry "ENG"]
[SourceTitle "playchess.com"]
[Source "ChessBase"]
[SourceQuality "1"]

{[%evp 22,136,35,-7,23,23,27,12,32,0,21,19,28,20,17,23,23,0,7,6,12,0,0,0,0,0,0,0,0,-7,-7,-7,-8,-17,-11,-14,-10,-10,-15,-18,-8,-53,-55,-72,-56,-66,-31,-31,-14,-27,-14,-21,-21,-29,-8,-28,-35,-31,0,0,0,0,0,0,0,0,0,0,0,0,0,0,0,0,0,-8,-8,-8,-8,-8,-8,-12,-8,-12,-8,-46,-46,-46,-8,-46,-22,-27,-8,-8,0,-1352,-1400,-1359,-1352,-1094,-1045,-990,-864,-662,-512,-346,-328,-5106,-5073,-29965,-29965,-29957,-29961,-29982,-29983,-29990,-29991]} 1. Nf3 d5 2. d4 Nf6 3. e3 e6 4. Bd3 Be7 5. O-O O-O 6. b3 c5 7. Bb2 b6 8. c4 {D05: Colle System with ...e6} (8. dxc5 Bxc5 9. Nbd2 Bb7 10. Qe2 Nbd7 11. c4 dxc4 12. Nxc4 Qe7 13. a3 a5 14. Nd4 Rfd8 15. Rfd1 Rac8 16. Rac1 Nf8 17. Qe1 Ng6 18. Bf1 Ng4 19. Nb5 {0-1 (52) Carlsen,M (2853)-Karjakin,S (2769) New York 2016 CBM 176 [Caruana,F]}) 8... Nc6 9. cxd5 Nxd5 10. dxc5 Bxc5 11. Nc3 Bb7 12. a3 {LiveBook: 3 Games} Rc8 $146 ({Predecessor:} 12... Nxc3 13. Bxc3 Be7 14. Qc2 {½-½ (29) Zubov,A (2612)-Sanikidze,T (2520) Batumi 2017}) 13. Ne4 Be7 14. Qe2 f5 15. Nc3 (15. Ng3 {keeps more tension.} g6 16. b4 a5 17. b5 Nb8 18. Rac1) 15... Na5 16. Nxd5 Bxd5 17. b4 Nc4 18. Bd4 Bf6 19. Rfc1 {[%cal Rd3c4]} Nd6 20. Ne5 Nf7 21. Rxc8 Qxc8 22. Ba6 Qc7 23. Nxf7 {[#] Black must now prevent Bxf6.} Bxd4 24. exd4 Rxf7 25. Qd2 Qd6 26. Rc1 Rc7 27. Rc3 h6 28. Qc1 Rxc3 29. Qxc3 Qf4 30. Qe3 Qc7 (30... Qg4 {seems wilder.} 31. f3 Qg5 32. Qxg5 hxg5 33. Kf2 Kf7) 31. f4 Qc6 32. Bf1 a5 33. h3 axb4 34. axb4 Qa4 35. Qd2 Qa1 {[#] ...Bc4 is the strong threat.} 36. Kf2 Kf7 37. Be2 Ke7 38. Bf1 Kd6 39. Be2 Qa2 (39... Qa3 {is interesting.} 40. Bd1 Ke7 41. Be2 Kf7 42. Bh5+ Kf6) 40. Qxa2 Bxa2 $11 {[%mdl 4096] Endgame KB-KB} 41. Ke3 Kd5 42. Ba6 Bc4 43. Bb7+ Kd6 44. g3 Bb5 45. Bf3 Bc6 {Threatens to win with ...Bxf3.} 46. Be2 Ke7 47. h4 Kf6 48. h5 Ke7 49. g4 fxg4 50. Bxg4 Kd6 51. Kd3 Bd5 52. Kc3 Ke7 53. f5 exf5 54. Bxf5 Kf6 (54... Bf7 $5 55. Bg4 $8 Kf6 $11) 55. Bg4 Kg5 56. Be2 Bf7 57. Kd3 Bxh5 58. Bf1 $2 {[%mdl 8192]} (58. Bxh5 $11 Kxh5 59. Kc4) 58... Bf7 $19 59. Ke4 Kf6 60. d5 Be8 61. Bh3 g5 62. d6 Bc6+ 63. Kd4 h5 64. d7 $2 (64. Bc8) 64... Ke7 65. Ke5 g4 {Black mates.} 66. Bf1 g3 67. b5 g2 68. bxc6 gxf1=Q {Precision: White = 47%, Black = 66%.} 0-1

[Event "94th Tradewise Hastings Congress"]
[Site "Hastings"]
[Date "2018.12.31"]
[Round "4"]
[White "Rice, Chris B"]
[Black "Taylor, Adam A"]
[Result "0-1"]
[WhiteElo "1963"]
[BlackElo "2122"]
[Annotator "TA"]
[PlyCount "86"]
[EventDate "2018.12.28"]
[EventType "swiss"]
[EventCountry "ENG"]
[SourceTitle "playchess.com"]
[Source "ChessBase"]
[SourceQuality "1"]

{[%evp 18,86,0,0,2,0,93,94,89,0,0,0,0,0,0,-41,-23,-25,0,0,9,6,8,-77,-82,-77,-89,-147,-147,-149,-152,-149,-109,-141,-143,-171,-159,-202,-205,-284,-279,-277,-261,-365,-236,-234,-229,-242,-249,-243,-216,-269,-264,-263,-261,-247,-210,-480,-474,-535,-533,-550,-546,-544,-543,-545,-546,-519,-511,-502,-498]} 1. c4 c5 2. g3 Nc6 3. Bg2 g6 4. Nc3 Bg7 5. a3 a5 6. Nf3 e5 7. d4 {A37: Symmetrical English vs ...g6: 4 Bg2 Bg7 5 Nf3} (7. O-O d6 8. d3 Nge7 9. Ne1 Be6 10. Nc2 d5 11. cxd5 Nxd5 12. Ne3 Nb6 13. Bxc6+ bxc6 14. Ne4 Bh3 15. Re1 f5 16. Nxc5 f4 17. Nf1 O-O 18. Ne4 h5 {1-0 (45) Petrosian,T (2607)-Moiseenko,A (2668) Moscow 2016}) 7... cxd4 8. Nb5 d6 9. e3 Nge7 10. exd4 {LiveBook: 4 Games} O-O 11. d5 Nd4 $146 (11... Na7 $11) ({Predecessor:} 11... Nb8 12. O-O Nf5 13. Bg5 f6 14. Bd2 a4 {1-0 (27) Talla,V (2365)-Pisk,P (2345) Czechia 2003}) 12. Nfxd4 $16 exd4 13. Nxd4 (13. a4 $16) 13... Nf5 14. Nxf5 Bxf5 15. O-O Qb6 16. Re1 Rfe8 17. Re2 Rxe2 (17... h5 {with more complications.} 18. Qe1 Rxe2 19. Qxe2 Rc8 20. Bf1 a4) 18. Qxe2 a4 19. g4 Bd7 20. Rb1 (20. h3 $11) 20... Re8 $1 $17 {[%cal Re8e2]} 21. Be3 Bd4 22. h3 (22. Bxd4 $142 Qxd4 23. Qd1 Qxd1+ 24. Rxd1) 22... Bxe3 23. fxe3 Rxe3 24. Qf2 Qd4 25. Rf1 f5 $1 26. gxf5 Bxf5 ({Don't play} 26... gxf5 27. Kh1 $15) 27. Kh1 Qe5 28. Qh4 Kg7 $1 ({Wrong is} 28... Qxb2 $2 29. Rxf5 $1 {[%mdl 512]} gxf5 30. Qg5+ Kf7 31. Qxe3 $18) ({Not} 28... Re2 29. Rf2 $17) 29. Rf2 Re1+ 30. Bf1 Qe3 {Threatens to win with ...g5.} 31. Kg2 b6 $1 32. Qg3 {[#]} Qxg3+ $1 33. Kxg3 $19 {[%mdl 4096] Endgame [#] KRB-KRB} Kf6 $1 34. h4 Ke5 35. Be2 Rg1+ 36. Kh2 Rc1 37. Bf1 $2 (37. Kg3) 37... Rc2 {Black is clearly winning.} 38. Kg3 Rxf2 39. Kxf2 Kd4 40. Be2 Bc2 41. Ke1 Bb3 42. Bg4 Bxc4 43. Bd7 b5 {Accuracy: White = 40%, Black = 86%.} 0-1

[Event "94th Tradewise Hastings Congress"]
[Site "Hastings"]
[Date "2018.12.31"]
[Round "4"]
[White "Fryer, David W"]
[Black "Stoyanov, Viktor"]
[Result "0-1"]
[WhiteElo "1932"]
[BlackElo "2205"]
[Annotator "ChessBase"]
[PlyCount "44"]
[EventDate "2018.12.28"]
[EventType "swiss"]
[EventCountry "ENG"]
[SourceTitle "playchess.com"]
[Source "ChessBase"]
[SourceQuality "1"]
[TimeControl "40/6000+30:3000+30"]

1. Nf3 {[%emt 0:00:00]} d5 {[%emt 0:00:49]} 2. g3 {[%emt 0:00:00]} c6 {[%emt 0:00:04]} 3. Bg2 {[%emt 0:00:00]} Bg4 {[%emt 0:00:05]} 4. O-O {[%emt 0:00:11]} e6 {[%emt 0:00:03]} 5. d3 {[%emt 0:00:49]} Nd7 {[%emt 0:00:04]} 6. Nbd2 {[%emt 0:03:14]} Bd6 {[%emt 0:00:25]} 7. e4 {[%emt 0:06:04]} Ne7 {[%emt 0:00:06]} 8. Qe1 {[%emt 0:07:08]} O-O {[%emt 0:00:15]} 9. h4 {[%emt 0:06:00]} e5 {[%emt 0:17:45]} 10. Ng5 {[%emt 0:04:03]} h6 {[%emt 0:17:56]} 11. f3 {[%emt 0:03:36]} Bc5+ {[%emt 0:02:35]} 12. Kh1 {[%emt 0:03:24]} Bh5 {[%emt 0:04:00]} 13. Nh3 {[%emt 0:01:06]} Bg6 {[%emt 0:08:45]} 14. Nb3 {[%emt 0:07:39]} Bd6 {[%emt 0:00:17]} 15. g4 {[%emt 0:00:37]} f6 {[%emt 0:06:06]} 16. Qg3 {[%emt 0:02:38]} Bf7 {[%emt 0:03:10]} 17. Bxh6 {[%emt 0:02:56]} gxh6 {[%emt 0:00:21]} 18. g5 {[%emt 0:00:11]} hxg5 {[%emt 0:01:18]} 19. hxg5 {[%emt 0:01:06]} f5 {[%emt 0:00:51]} 20. f4 {[%emt 0:02:28]} Bg6 {[%emt 0:00:52]} 21. d4 {[%emt 0:01:15]} exf4 {[%emt 0:01:17]} 22. Rxf4 {[%emt 0:01:23]} fxe4 {[%emt 0:02:13]} 0-1